000 00619nam a22002177a 4500
003 UA-OsUOA
001 39570
007 ta
008 20060622b un ||||| |||| 00| 0 ukr d
100 _aКашуба М.В.
090 _a27
_bК31
942 _cBK
040 _aUA-OsUOA
_cUA-OsUOA
_dUA-OsUOA
245 _aЗ історії боротьби проти унії ХУІІ-ХУІІІ ст.
300 _a172 с.
955 _a0
080 _a27
260 _aК.
_bНаукова думка
_c1976
650 7 _a27 Загальна історія Християнської церкви
_2UDC
999 _c325711
_d325711